| 000 | 02045nam a22003017a 4500 | ||
|---|---|---|---|
| 999 |
_c22009 _d22009 |
||
| 003 | AR-CdUCM | ||
| 008 | 190425b ||||| |||| 00| 0 spa d | ||
| 040 |
_aMUNICIPALIDAD PROVINCIAL DEL CUSCO _cBIBLIOTECA MUNICIPAL DEL CUSCO |
||
| 082 | _aSemanaCuzco/N°2/1946 | ||
| 245 |
_aSemana del Cuzco : _bCita continental en la capital arqueológica de América del 24 de junio al 1 de julio / _cHumberto Vidal |
||
| 260 |
_aCusco. _bLa Económica, _c1946. |
||
| 300 |
_a100 páginas. : _c21 cm. |
||
| 440 |
_aSemana del Cuzco. _nN°2, 1946 _947141 |
||
| 505 | _aContenido: Lo que significa la semana del Cuzco. Humberto Vidal. -- La María Angola campana histórica. José Gabriel Cosió. -- El valle sagrado de los Incas. Alfredo Yépez Miranda. -- Visión del Perú. Rafael Eliodoro Valle. -- La procesión del señor de los Temblores. José Mojica. -- Mediaciones sobre el día del Cuzco. Lalo. -- Homenaje a Fortunato L. Herrera. Cesar Vargas. -- Cuzco inmortal yo te saludo. Manuel Cuadros. -- Cuzco ciudad de ensueño y maravilla. Manuel Sánchez. -- Homenaje de la mujer al Cuzco. Barrionuevo. -- Un minuto en el Cuzco. -- Estampas de las tierras altas. -- Belleza en la arquitectura incana. Víctor Guillen. -- Evocación del inti Raymi. Julio Gutiérrez. -- Las calles del Cuzco. Luis Pardo. -- Muestrario de algunas expresiones indígenas. Víctor Navarro del Águila. -- El Cuzco. Uriel García. -- Saludo al Cuzco. Isauro Maldonado. -- Himnos al Cuzco. -- La segunda celebración de la serenata del Cuzco. -- Bendición e inauguración del Cristo de Tres Cruces. | ||
| 650 |
_aFiestas del Cusco _913258 |
||
| 650 |
_aDia del Cusco _947137 |
||
| 650 |
_aSemana del Cusco _947138 |
||
| 650 |
_aCusqueñismo _92721 |
||
| 700 |
_aYépez Miranda _947139 |
||
| 700 |
_aCosió, José Gabriel _911720 |
||
| 700 |
_aValle, Rafael Eliodoro _947142 |
||
| 700 |
_aMojica, José _947143 |
||
| 700 |
_aVargas, Cesar _945886 |
||
| 700 |
_aCuadros, Manuel _947047 |
||
| 700 |
_aVidal Unda, Humberto _945978 |
||
| 942 |
_2ddc _cPP |
||
| 945 | _arac | ||